000 00372nam a22001337a 4500
005 20250719160658.0
008 250719b |||||||| |||| 00| 0 eng d
020 _a9788187552628
100 _aKumbhar R.
_9212582
245 _aLibrary & Information Science Research
_bMethods & Techniques
260 _aPune
_bUniversal Prakashan
_c2014
300 _a389pp,
942 _cBK
999 _c367178
_d367178